第151回天皇賞 出走馬 - Statistics

General Stats
  • This quiz has been taken 9 times
  • The average score is 6 of 17
Answer Stats
着順 枠番 馬番 馬名 性齢 騎手名 単勝
人気
% Correct
1 1 1 ゴールドシップ 牡6 横山典弘 2
86%
7 7 13 キズナ 牡5 武豊 1
86%
2 7 14 フェイムゲーム 牡5 北村宏司 7
71%
3 1 2 カレンミロティック セン7 蛯名正義 10
57%
12 8 16 ウインバリアシオン 牡7 福永祐一 6
43%
4 2 4 ラストインパクト 牡5 川田将雅 5
29%
8 5 10 ラブリーデイ 牡5 C.ルメール 8
29%
10 6 12 デニムアンドルビー 牝5 浜中俊 9
29%
15 8 17 アドマイヤデウス 牡4 岩田康誠 15
29%
16 5 9 クリールカイザー 牡6 田辺裕信 3
29%
5 2 3 ネオブラックダイヤ 牡7 秋山真一郎 16
14%
6 3 6 ホッコーブレーヴ 牡7 幸英明 11
14%
9 8 15 サウンズオブアース 牡4 内田博幸 4
14%
11 6 11 フーラブライド 牝6 酒井学 14
14%
13 4 7 トーセンアルニカ 牝5 池添謙一 17
14%
14 3 5 タマモベストプレイ 牡5 津村明秀 15
14%
17 4 8 スズカデヴィアス 牡4 藤岡佑介 12
14%
No matching quizzes found
Score Distribution
Percent of People with Each Score
Percentile by Number Answered
Your Score History
You have not taken this quiz